• 首页
  • 本馆介绍
  • 公告通知
  • 最新文献
  • 馆藏检索
  • 电子资源
  • 读者导购
  • 参考咨询
  • 我的图书馆
  • 登录
  • 详细信息显示
  • 放入我的书架
  • 预约/预借图书
  • 作者相关作品
  • 分类相关作品
  • 丛书相关作品
  • 出版社相关作品

书目信息

  • 表格格式
  • 工作单格式
  • 卡片格式
题名:
中国对拉美石油的投资研究
    
 
作者: 周楠 著
分册:  
出版信息: 北京   社会科学文献出版社  2016
页数: 163页
开本: 24cm
丛书名: 丝路学研究·国别和区域丛书
单 册:
中图分类: F426.22 , F473.062
科图分类:
主题词: 石油投资--shi you tou zi--对外投资--研究--中国 , 石油投资--shi you tou zi--外商投资--研究--拉丁美洲
电子资源:
ISBN: 978-7-5201-0101-1
000 01525nam0 22003011 450
001 1761136169
005 20170619172037.0
010    @a978-7-5201-0101-1@dCNY69.00
100    @a20170214d2016 em y0chiy50 ea
101 0  @achi
102    @aCN@b110000
105    @ay z 000yy
106    @ar
200 1  @a中国对拉美石油的投资研究@9zhong guo dui la mei shi you de tou zi yan jiu@dChina's investment to Latin American oil@f周楠著@zeng
210    @a北京@c社会科学文献出版社@d2016
215    @a163页@d24cm
225 2  @a丝路学研究·国别和区域丛书@9si lu xue yan jiu guo bie he qu yu cong shu@f马丽蓉主编
300    @a上海外国语大学校级规划基金项目“中国在拉美石油行业投资的决定因素分析”、国家社会科学基金项目“江西对比视域下构建切合中国学习者的西班牙语教学体系研究”、国家自然科学基金面上项目“中国民间金融发展动因与治理路径研究”等资助
330    @a本书采用当前对外直接投资研究领域中的权威性理论——国际生产折衷理论,结合发达国家及发展中国家跨国石油公司在拉美的实践经验,透视强化中国三大石油公司直接投资拉美石油的“所有权优势”和“内部化优势”的内在激励与外在条件,以及获取拉美石油“区位优势”的基本策略。
461  0 @12001 @a丝路学研究·国别和区域丛书
510 1  @aChina's investment to Latin American oil@zeng
606 0  @a石油投资@9shi you tou zi@x对外投资@x研究@y中国
606 0  @a石油投资@9shi you tou zi@x外商投资@x研究@y拉丁美洲
690    @aF426.22@v5
690    @aF473.062@v5
701  0 @a周楠@9zhou nan@c(女,外语学)@4著
801  0 @aCN@b百万庄@c20170619
905    @b1014843-8@dF426.22@e162@f6
    
    中国对拉美石油的投资研究=China's investment to Latin American oil/周楠著.-北京:社会科学文献出版社,2016
    163页;24cm.-(丝路学研究·国别和区域丛书/马丽蓉主编)
    上海外国语大学校级规划基金项目“中国在拉美石油行业投资的决定因素分析”、国家社会科学基金项目“江西对比视域下构建切合中国学习者的西班牙语教学体系研究”、国家自然科学基金面上项目“中国民间金融发展动因与治理路径研究”等资助
    
    ISBN 978-7-5201-0101-1:CNY69.00
    本书采用当前对外直接投资研究领域中的权威性理论——国际生产折衷理论,结合发达国家及发展中国家跨国石油公司在拉美的实践经验,透视强化中国三大石油公司直接投资拉美石油的“所有权优势”和“内部化优势”的内在激励与外在条件,以及获取拉美石油“区位优势”的基本策略。
●
相关链接 在E读中查询图书 在五车中查询图书 在当当中查询图书 在豆瓣中查询图书


正题名:中国对拉美石油的投资研究     索取号:F426.22/162         预约/预借

序号 登录号 条形码 馆藏地/架位号 状态 备注
1 1014843   210148437   第一样本阅览室/ [索取号:F426.22/162] 在馆    
2 1014844   210148446   教育系资料室/ [索取号:F426.22/162] 在馆    
3 1014845   210148455   教育系资料室/ [索取号:F426.22/162] 在馆    
4 1014846   210148464   教育系资料室/ [索取号:F426.22/162] 在馆    
5 1014847   210148473   第一借阅区/ [索取号:F426.22/162] 在馆    
6 1014848   210148482   第一借阅区/ [索取号:F426.22/162] 在馆    
唐山师范学院图书馆 欢迎您!
大连网信软件有限公司© 版权所有